| 000 | 00491nam a2200193Ia 4500 | ||
|---|---|---|---|
| 008 | 170918s9999 xx 000 0 und d | ||
| 020 | _a9780545139922 | ||
| 050 | _bJ81 2008 | ||
| 100 | _aJoosse, Barbara | ||
| 245 | _aGrandma calls me beautiful / | ||
| 245 | _cBarbara Lawson ; illustrated by Barnara Lavallee. | ||
| 260 | _aNew York : | ||
| 260 | _bScholastic, | ||
| 260 | _c2008 | ||
| 300 | _aunpaged : | ||
| 300 | _bcolored illustration ; | ||
| 300 | _c24cm. | ||
| 500 | _a550 | ||
| 999 |
_c341576 _d341576 |
||